History of Indian philosophy. V4-The philosophy of the bhagavata purana, madhva, vallabha and gaudiya school of vaisnavism (Record no. 8673)
[ view plain ]
| 000 -LEADER | |
|---|---|
| fixed length control field | 00528nam a2200157Ia 4500 |
| 008 - FIXED-LENGTH DATA ELEMENTS--GENERAL INFORMATION | |
| fixed length control field | 230917s9999||||xx |||||||||||||| ||und|| |
| 020 ## - ISBN | |
| Price | RS 1995.00 |
| 040 ## - CATALOGING SOURCE | |
| Original cataloging agency | VIVEKANANDA LIBRARY |
| 082 ## - DDC NUMBER | |
| Classification number | 181.4 D26H |
| 100 ## - MAIN ENTRY--PERSONAL NAME | |
| Personal name | Dasgupta, Surendranath |
| 245 #0 - TITLE STATEMENT | |
| Title | History of Indian philosophy. V4-The philosophy of the bhagavata purana, madhva, vallabha and gaudiya school of vaisnavism |
| 260 ## - PUBLICATION, DISTRIBUTION, ETC. (IMPRINT) | |
| Place of publication, distribution, etc | New Delhi |
| Name of publisher, distributor, etc | Shri Sai Printographers |
| Date of publication, distribution, etc | 2022 |
| 300 ## - PHYSICAL DESCRIPTION | |
| Pages | xiii, 483 p. |
| 500 ## - GENERAL NOTE | |
| General note | 5041 23/01/2023 FP23/219 27/01/2023 Main Budget |
| 942 ## - ADDED ENTRY ELEMENTS (KOHA) | |
| Koha item type | Books |
| Withdrawn status | Lost status | Source of classification or shelving scheme | Damaged status | Not for loan | Location (home branch) | Sublocation or collection (holding branch) | Date acquired | Koha issues (times borrowed) | Koha full call number | Accession No. | Koha date last seen | Koha item type | Shelving location | Copy number |
|---|---|---|---|---|---|---|---|---|---|---|---|---|---|---|
| Dewey Decimal Classification | VIVEKANANDA LIBRARY | VIVEKANANDA LIBRARY | 28/03/2023 | 181.4 D26H | 403801 | 17/09/2023 | Books | |||||||
| Dewey Decimal Classification | VIVEKANANDA LIBRARY | VIVEKANANDA LIBRARY | 19/02/2026 | 181.4 D26H | 438523 | 19/02/2026 | Books | Vivekananda Library | V4 | |||||
| Dewey Decimal Classification | VIVEKANANDA LIBRARY | VIVEKANANDA LIBRARY | 19/02/2026 | 181.4 D26H | 438522 | 19/02/2026 | Books | Vivekananda Library | V4 |
